Principles of Environmental Studies (Record no. 214097)

MARC details
000 -LEADER
fixed length control field 00508nam a2200205Ia 4500
008 - FIXED-LENGTH DATA ELEMENTS--GENERAL INFORMATION
fixed length control field 240823s9999||||xx |||||||||||||| ||und||
020 ## - INTERNATIONAL STANDARD BOOK NUMBER
International Standard Book Number 81-7800-069-5
082 ## - DEWEY DECIMAL CLASSIFICATION NUMBER
-- 628 P4
100 ## - MAIN ENTRY--PERSONAL NAME
Personal name Manoharachary C
245 #0 - TITLE STATEMENT
Title Principles of Environmental Studies
250 ## - EDITION STATEMENT
Edition statement 1st
260 ## - PUBLICATION, DISTRIBUTION, ETC. (IMPRINT)
Date of publication, distribution, etc 2004
Name of publisher, distributor, etc "BS Publications,Hyde"
500 ## - GENERAL NOTE
General note YES
650 ## - SUBJECT ADDED ENTRY--TOPICAL TERM
Topical term or geographic name as entry element Environmental Studies
700 ## - ADDED ENTRY--PERSONAL NAME
Personal name Jayarama Reddy P
942 ## - ADDED ENTRY ELEMENTS (KOHA)
Item type Books
Holdings
Withdrawn status Lost status Damaged status Permanent location Current location Date acquired Source of acquisition Cost, normal purchase price Full call number Barcode Checked out Date last seen Koha item type
      CENTRAL LIBRARY, NOORUL ISLAM CENTRE FOR HIGHER EDUCATION CENTRAL LIBRARY, NOORUL ISLAM CENTRE FOR HIGHER EDUCATION 06/16/2014 Higginbothams Private Ltd 90.00 628 P4 63949 02/20/2026 02/05/2026 Books
Visitors:
Copyright © 2024 Central Library NICHE.  All rights reserved.